<?xml version="1.0" encoding="UTF-8"?>
<record
    xmlns:xsi="http://www.w3.org/2001/XMLSchema-instance"
    xsi:schemaLocation="http://www.loc.gov/MARC21/slim http://www.loc.gov/standards/marcxml/schema/MARC21slim.xsd"
    xmlns="http://www.loc.gov/MARC21/slim">

  <leader>01278cam a2200313 a 4500</leader>
  <controlfield tag="001">000015815</controlfield>
  <controlfield tag="005">20200929164149.0</controlfield>
  <controlfield tag="008">020124s2001    sp a     b   f000 0 spa  </controlfield>
  <datafield tag="020" ind1=" " ind2=" ">
    <subfield code="a">8489384339</subfield>
  </datafield>
  <datafield tag="040" ind1=" " ind2=" ">
    <subfield code="a">DO-SdBNP</subfield>
    <subfield code="b">spa</subfield>
    <subfield code="C">BNPHU</subfield>
  </datafield>
  <datafield tag="082" ind1=" " ind2=" ">
    <subfield code="a">027.4</subfield>
    <subfield code="b">B582p</subfield>
  </datafield>
  <datafield tag="245" ind1="0" ind2="4">
    <subfield code="a">Las bibliotecas p&#xFA;blicas en Espa&#xF1;a :</subfield>
    <subfield code="b">una realidad abierta /</subfield>
    <subfield code="c">Hilario Hern&#xE1;ndez, direcci&#xF3;n t&#xE9;cnica ; Fernando Armario ... [et al.].</subfield>
  </datafield>
  <datafield tag="260" ind1=" " ind2=" ">
    <subfield code="a">Madrid :</subfield>
    <subfield code="b">Fundaci&#xF3;n Germ&#xE1;n S&#xE1;nchez Ruip&#xE9;rez ;</subfield>
    <subfield code="b">Direcci&#xF3;n General del Libro, Archivos y Bibliotecas ;</subfield>
    <subfield code="b">Plan de Fomento a la Lectura,</subfield>
    <subfield code="c">2001.</subfield>
  </datafield>
  <datafield tag="300" ind1=" " ind2=" ">
    <subfield code="a">319 p. :</subfield>
    <subfield code="b">il., gr&#xE1;f. ;</subfield>
    <subfield code="c">23 cm.</subfield>
  </datafield>
  <datafield tag="500" ind1=" " ind2=" ">
    <subfield code="a">Incluye anexos.</subfield>
  </datafield>
  <datafield tag="650" ind1=" " ind2="4">
    <subfield code="a">Bibliotecas p&#xFA;blicas</subfield>
    <subfield code="z">Espa&#xF1;a</subfield>
    <subfield code="9">35591</subfield>
  </datafield>
  <datafield tag="700" ind1="1" ind2="2">
    <subfield code="a">Hern&#xE1;ndez, Hilario.</subfield>
    <subfield code="9">5736</subfield>
  </datafield>
  <datafield tag="700" ind1="1" ind2="2">
    <subfield code="a">Armario, Fernando.</subfield>
    <subfield code="9">35592</subfield>
  </datafield>
  <datafield tag="700" ind1="1" ind2="2">
    <subfield code="a">Carri&#xF3;n G&#xFA;tiez, Alejandro.</subfield>
    <subfield code="9">35593</subfield>
  </datafield>
  <datafield tag="700" ind1="1" ind2="2">
    <subfield code="a">Dom&#xED;nguez Sanjurjo, M. Ramona.</subfield>
    <subfield code="9">35594</subfield>
  </datafield>
  <datafield tag="700" ind1="1" ind2="2">
    <subfield code="a">G&#xF3;mez Hern&#xE1;ndez, Jos&#xE9; Antonio.</subfield>
    <subfield code="9">35595</subfield>
  </datafield>
  <datafield tag="700" ind1="1" ind2="2">
    <subfield code="a">Ma&#xF1;&#xE1; Terr&#xE9;, Teresa.</subfield>
    <subfield code="9">35596</subfield>
  </datafield>
  <datafield tag="700" ind1="1" ind2="2">
    <subfield code="a">Mayol Fern&#xE1;dez, Carmen.</subfield>
    <subfield code="9">35597</subfield>
  </datafield>
  <datafield tag="700" ind1="1" ind2="2">
    <subfield code="a">Merlo Vega, Jos&#xE9; Antonio.</subfield>
    <subfield code="9">35598</subfield>
  </datafield>
  <datafield tag="700" ind1="1" ind2="2">
    <subfield code="a">Nogales Herrera, Jos&#xE9; Mar&#xED;a.</subfield>
    <subfield code="9">35599</subfield>
  </datafield>
  <datafield tag="700" ind1="1" ind2="2">
    <subfield code="a">Salaberr&#xED;a, Ram&#xF3;n.</subfield>
    <subfield code="9">35600</subfield>
  </datafield>
  <datafield tag="700" ind1="1" ind2="2">
    <subfield code="a">Soar&#xED;n P&#xE9;rez, Tom&#xE1;s.</subfield>
    <subfield code="9">35601</subfield>
  </datafield>
  <datafield tag="700" ind1="1" ind2="2">
    <subfield code="a">Selgas, Joaqu&#xED;n.</subfield>
    <subfield code="9">35602</subfield>
  </datafield>
  <datafield tag="952" ind1=" " ind2=" ">
    <subfield code="0">0</subfield>
    <subfield code="1">0</subfield>
    <subfield code="5">0</subfield>
    <subfield code="7">1</subfield>
    <subfield code="8">MO</subfield>
    <subfield code="a">GR</subfield>
    <subfield code="b">GR</subfield>
    <subfield code="c">HD</subfield>
    <subfield code="d">2010-02-18</subfield>
    <subfield code="i">LF1</subfield>
    <subfield code="l">0</subfield>
    <subfield code="o">027.4 B582p</subfield>
    <subfield code="p">15815-10</subfield>
    <subfield code="r">2020-06-25</subfield>
    <subfield code="w">2020-06-25</subfield>
    <subfield code="y">1</subfield>
    <subfield code="Z">No se presta</subfield>
  </datafield>
  <datafield tag="999" ind1=" " ind2=" ">
    <subfield code="c">15360</subfield>
    <subfield code="d">15360</subfield>
  </datafield>
</record>
